Δοκίμιον ιστορικόν περί της Φιλικής Εταιρίας

Αποθηκεύτηκε σε:
Λεπτομέρειες βιβλιογραφικής εγγραφής
Κύριος συγγραφέας: Φιλήμων, Ιωάννης
Μορφή: Βιβλίο
Γλώσσα:Greek
Δημοσίευση: Εν Αθήναις : Εκ της τυπογραφίας της Γκραφίας Α. Ε., 1971
Σειρά:Νέα Ελληνική Bιβλιοθήκη
Θέματα:
Ετικέτες: Προσθήκη ετικέτας
Δεν υπάρχουν, Καταχωρήστε ετικέτα πρώτοι!

MARC

LEADER 00000cam a2200000 i 4500
001 1/3938
008 100201s gre d
035 |l 10106555 
040 |a GR-MY-UA  |b gre  |e aacr 
041 0 |a gre 
082 0 |a 938.4  |2 (22) 
100 1 |a Φιλήμων, Ιωάννης. 
245 1 0 |a Δοκίμιον ιστορικόν περί της Φιλικής Εταιρίας /  |c Ιωάννου Φιλήμονος 
260 |a Εν Αθήναις :   |b Εκ της τυπογραφίας της Γκραφίας Α. Ε.,   |c 1971 
300 |a 396 σ.;  |b πορτρ.;  |c 22 εκ. 
490 1 |a Νέα Ελληνική Βιβλιοθήκη 
504 |a Περιέχει ευρετήριο 
650 0 0 |a Φιλική Εταιρεία. 
651 0 |a Greece  |x History  |y War of Independence, 1821-1829. 
651 0 |a Greece  |x History  |y 1821- 
830 0 |a Νέα Ελληνική Bιβλιοθήκη 
852 |a INST  |b SAMOS  |e 20100201  |h 938.4 ΦΙΛ  |p 005300030734  |q 005300030734  |t BK  |y 0 
901 |a BIBL3-2010-1 
909 |a Σ  |b 158666 
970 |a ΣΙΤΖΙΜΗ  |b ΓΙΑΣΕΜΗ  |z 2010/02/01